| 000 | 00357nam a22001457a 4500 | ||
|---|---|---|---|
| 005 | 20260219153405.0 | ||
| 008 | 260219b |||||||| |||| 00| 0 eng d | ||
| 100 | _aPerumalsamy Ra | ||
| 245 |
_aMuttamil Mukkani _cPerumalsamy |
||
| 250 | _a1st | ||
| 260 |
_aChennai _bValluvan Pathipagam _c2004 |
||
| 650 |
_vGeneral _xTamil |
||
| 942 | _cBK | ||
| 999 |
_c249451 _d249451 |
||